[Event "Elitzur Int Online"]
[Site "Chess.com INT"]
[Date "2020.11.01"]
[Round "10"]
[White "Feshchenko, Bogdan"]
[Black "Bazakutsa, Svyatoslav"]
[Result "1-0"]
[WhiteElo "1889"]
[BlackElo "2050"]
[PlyCount "77"]
[EventDate "2020.11.01"]
[EventType "swiss (blitz)"]
[EventRounds "11"]
[EventCountry "ISR"]
[SourceTitle "CBM 199 Extra"]
[Source "ChessBase"]
[SourceDate "2021.01.31"]
[SourceVersion "1"]
[SourceVersionDate "2021.01.31"]
[SourceQuality "1"]

1. d4 Nf6 2. Nf3 g6 3. Bg5 Bg7 4. e3 d6 5. Nbd2 Nbd7 6. c3 b6 7. a4 a6 8. Bc4 Bb7 9. 0-0 0-0 10. b4 e5 11. dxe5 dxe5 12. Qb3 Qe7 13. Rfe1 h6 14. Bh4 Rad8 15. Rad1 Kh7 16. e4 Kg8 17. Qc2 Rfe8 18. Nf1 Nf8 19. Rxd8 Rxd8 20. Bg3 Nh5 21. Ne3 Nxg3 22. hxg3 Ne6 23. Nd5 Qe8 24. Qe2 Qxa4 25. Ne7+ Kh7 26. Nh4 Qe8 27. Nd5 b5 28. Bb3 c5 29. Rd1 c4 30. Bc2 Qc6 31. f4 exf4 32. gxf4 Qe8 33. f5 Ng5 34. fxg6+ fxg6 35. Nf3 Bxd5 36. Nxg5+ hxg5 37. Qg4 Be6 38. Rxd8 Qxd8 39. Qxe6 1-0

[Event "Elitzur Int Online"]
[Site "Chess.com INT"]
[Date "2020.11.01"]
[Round "8"]
[White "Feshchenko, Bogdan"]
[Black "Vovk, Orest"]
[Result "1-0"]
[WhiteElo "1889"]
[BlackElo "2315"]
[PlyCount "177"]
[EventDate "2020.11.01"]
[EventType "swiss (blitz)"]
[EventRounds "11"]
[EventCountry "ISR"]
[SourceTitle "CBM 199 Extra"]
[Source "ChessBase"]
[SourceDate "2021.01.31"]
[SourceVersion "1"]
[SourceVersionDate "2021.01.31"]
[SourceQuality "1"]

1. d4 Nc6 2. Nf3 d6 3. Bg5 Bg4 4. c3 Qd7 5. h3 Bxf3 6. exf3 e6 7. Bb5 Be7 8. Be3 Nf6 9. Nd2 Nd5 10. 0-0 Nxe3 11. fxe3 0-0 12. e4 a6 13. Ba4 b5 14. Bb3 e5 15. Qe2 exd4 16. Qd3 dxc3 17. Qxc3 Ne5 18. Rac1 c5 19. Bd5 Rad8 20. Rfd1 Bg5 21. Rf1 Bf4 22. Rcd1 Qe7 23. Qa5 Qh4 24. Rfe1 Qg3 25. Nf1 Nxf3+ 26. Kh1 Qf2 27. gxf3 Qxf3+ 28. Kg1 Qxh3 29. Qc3 Qg4+ 30. Kf2 Rde8 31. Qf3 Qg5 32. Ne3 Bxe3+ 33. Qxe3 Qxe3+ 34. Rxe3 a5 35. Rg1 g6 36. Rf3 Kg7 37. Rg4 Re5 38. Rg1 f5 39. Bc6 fxe4 40. Rxf8 Kxf8 41. Bxb5 d5 42. Ke3 Rf5 43. Be2 Ke7 44. Rh1 h5 45. Rg1 Kf6 46. Rc1 c4 47. Kd4 Rf2 48. Rc2 Rf5 49. b3 cxb3 50. axb3 h4 51. Bb5 g5 52. Bd7 Rf3 53. Kxd5 Rxb3 54. Kxe4 Rb4+ 55. Kf3 a4 56. Ra2 Rb3+ 57. Kg2 Rg3+ 58. Kf2 a3 59. Re2 Rb3 60. Re6+ Kg7 61. Ra6 h3 62. Kg1 Rg3+ 63. Kh2 Rd3 64. Bxh3 Rd2+ 65. Kg3 a2 66. Be6 Rd3+ 67. Kg4 Rd4+ 68. Kxg5 Rd2 69. Bxa2 Rg2+ 70. Kf5 Rf2+ 71. Ke5 Re2+ 72. Kd4 Rd2+ 73. Kc3 Rh2 74. Bd5 Rh4 75. Kd3 Rb4 76. Be4 Kf7 77. Ke3 Ke7 78. Kf4 Rb5 79. Bf5 Rb2 80. Re6+ Kf7 81. Rh6 Rb5 82. Kg5 Ke7 83. Ra6 Kd8 84. Ra7 Rc5 85. Kf6 Rc1 86. Rd7+ Ke8 87. Rh7 Kd8 88. Rh8+ Kc7 89. Rc8+ 1-0